| 000 | 00420nam a22001337a 4500 | ||
|---|---|---|---|
| 020 | _a978-81-87671-29-9 | ||
| 082 |
_a823 _bCAN/C |
||
| 100 | _aJACK CANFIELD, MARK VICTOR HANSEN, JEFF AUBERY, MARK DONELLY, CHRISSY DONNELLY | ||
| 245 | _aCHICKEN SOUP FOR THE FATHER'S SOUL | ||
| 260 |
_aINDIA _bWESTLAND LTD _c2001 |
||
| 300 | _a365 | ||
| 650 |
_aOPEN THE HEARTS AND REKINDLE THE SPIRITS OF FATHERS _zUNITED STATES |
||
| 942 | _cBK | ||
| 999 |
_c22 _d22 |
||